[Event "MP Reykjavik Open 2011"]
[Site "Reykjavik ISL"]
[Date "2011.03.10"]
[Round "2.21"]
[White "Ptacnikova, Lenka"]
[Black "Friedel, Joshua E"]
[Result "0-1"]
[WhiteElo "2307"]
[BlackElo "2529"]
[PlyCount "80"]
[EventDate "2011.03.09"]
[EventType "swiss"]
[EventRounds "9"]
[EventCountry "ISL"]
[Source "lmi"]
[SourceDate "2011.03.09"]

1. e4 e5 2. Nf3 Nc6 3. Bb5 a6 4. Bxc6 dxc6 5. O-O Qf6 6. d4 exd4 7. Qxd4 Bg4 8.
Qxf6 Nxf6 9. Ne5 Be6 10. Re1 O-O-O 11. Nc3 Bb4 12. f3 Ne8 13. Nd3 Bxc3 14. bxc3
Nd6 15. a4 a5 16. Bf4 Nc4 17. Nc5 b6 18. Nb3 c5 19. Kf2 Bd7 20. Nd2 Nxd2 21.
Bxd2 Bxa4 22. Bg5 Bxc2 23. Bxd8 Rxd8 24. Re2 Bb3 25. e5 Bc4 26. Re4 Rd2+ 27.
Kg3 Bb3 28. c4 Rc2 29. e6 fxe6 30. Rxe6 Bxc4 31. Re7 Bd3 32. Rae1 a4 33. Rxg7
Re2 34. Rxe2 Bxe2 35. Re7 Bd3 36. Re1 b5 37. Kf2 b4 38. Ke3 c4 39. Kd4 b3 40.
Kc3 a3 0-1

[Event "MP Reykjavik Open 2011"]
[Site "Reykjavik ISL"]
[Date "2011.03.10"]
[Round "2.22"]
[White "Bisby, Daniel"]
[Black "Sveshnikov, Evgeny"]
[Result "1/2-1/2"]
[WhiteElo "2306"]
[BlackElo "2527"]
[PlyCount "40"]
[EventDate "2011.03.09"]
[EventType "swiss"]
[EventRounds "9"]
[EventCountry "ISL"]
[Source "lmi"]
[SourceDate "2011.03.09"]

1. d4 d5 2. Nf3 Nf6 3. c4 e6 4. g3 dxc4 5. Bg2 a6 6. O-O Nc6 7. Nc3 Rb8 8. e4
Be7 9. Qe2 b5 10. Rd1 Nb4 11. Ne5 Nd7 12. Qg4 g6 13. Nxd7 Bxd7 14. Bh6 Nd3 15.
e5 Nxb2 16. Rd2 b4 17. Rxb2 bxc3 18. Rc2 f5 19. exf6 Bxf6 20. Rxc3 Rb5 1/2-1/2

[Event "MP Reykjavik Open 2011"]
[Site "Reykjavik ISL"]
[Date "2011.03.10"]
[Round "2.23"]
[White "Hillarp Persson, Tiger"]
[Black "Piasetski, Leon"]
[Result "1-0"]
[WhiteElo "2524"]
[BlackElo "2299"]
[PlyCount "85"]
[EventDate "2011.03.09"]
[EventType "swiss"]
[EventRounds "9"]
[EventCountry "ISL"]
[Source "lmi"]
[SourceDate "2011.03.09"]

1. e4 c5 2. Nf3 e6 3. d4 cxd4 4. Nxd4 a6 5. Nc3 b5 6. Bd3 Qb6 7. Nf3 Qc7 8. O-O
Bb7 9. Re1 Be7 10. e5 f5 11. a4 b4 12. Nb1 Nc6 13. Nbd2 Na5 14. Nd4 Nh6 15.
N2f3 Nf7 16. Bxf5 exf5 17. Nxf5 Bxf3 18. Qxf3 Qc6 19. e6 Qxf3 20. exf7+ Kxf7
21. Rxe7+ Kf6 22. gxf3 Kxf5 23. Rxg7 Rhg8 24. Rg3 Rac8 25. Bd2 Nc6 26. Rd1 a5
27. c3 h5 28. Kf1 h4 29. Rxg8 Rxg8 30. h3 Ne5 31. Ke2 bxc3 32. Bxc3 Ng6 33.
Rd5+ Ke6 34. Rd4 Rb8 35. f4 Ne7 36. Re4+ Kf7 37. Re5 d5 38. Rh5 d4 39. Bxd4 Rb4
40. Rh7+ Kg8 41. Rxe7 Rxd4 42. b3 Rb4 43. Re3 1-0

[Event "MP Reykjavik Open 2011"]
[Site "Reykjavik ISL"]
[Date "2011.03.10"]
[Round "2.24"]
[White "Gislason, Gudmundur"]
[Black "Dronavalli, Harika"]
[Result "1/2-1/2"]
[WhiteElo "2291"]
[BlackElo "2524"]
[PlyCount "44"]
[EventDate "2011.03.09"]
[EventType "swiss"]
[EventRounds "9"]
[EventCountry "ISL"]
[Source "lmi"]
[SourceDate "2011.03.09"]

1. d4 Nf6 2. Nf3 g6 3. g3 Bg7 4. c4 d5 5. cxd5 Nxd5 6. Bg2 Nb6 7. O-O Nc6 8. e3
O-O 9. Nc3 Re8 10. Re1 a5 11. h3 a4 12. Rb1 h6 13. Kh2 Be6 14. b3 axb3 15. axb3
f5 16. Bb2 Bf7 17. e4 e6 18. Na4 Nxa4 19. bxa4 Qd7 20. d5 exd5 21. Bxg7 Kxg7
22. exf5 Rxe1 1/2-1/2

[Event "MP Reykjavik Open 2011"]
[Site "Reykjavik ISL"]
[Date "2011.03.10"]
[Round "2.25"]
[White "Williams, Simon K"]
[Black "Mack, Wolfgang"]
[Result "1-0"]
[WhiteElo "2507"]
[BlackElo "2282"]
[PlyCount "89"]
[EventDate "2011.03.09"]
[EventType "swiss"]
[EventRounds "9"]
[EventCountry "ISL"]
[Source "lmi"]
[SourceDate "2011.03.09"]

1. d4 d6 2. c4 e5 3. d5 f5 4. e4 fxe4 5. Nc3 Nf6 6. Bg5 Nbd7 7. Nge2 Be7 8. Ng3
Nxd5 9. Nxd5 Bxg5 10. Nxe4 Be7 11. c5 O-O 12. Nxe7+ Qxe7 13. cxd6 cxd6 14. Qxd6
Qxd6 15. Bc4+ Qd5 16. Bxd5+ Kh8 17. Nd6 Nf6 18. Bb3 h6 19. O-O e4 20. Rac1 b6
21. Rfe1 Ba6 22. Nxe4 Nxe4 23. Rxe4 Rae8 24. Ra4 Bd3 25. Rd4 Bf5 26. Rd2 Re7
27. f3 Bh7 28. Ba4 Bf5 29. Kf2 Rf6 30. Rd8+ Kh7 31. Rcd1 g5 32. R1d5 Kg7 33. h3
Bb1 34. Bb3 Bf5 35. Rb8 Bh7 36. Rdd8 Rc6 37. Kg3 Kf6 38. Ra8 Rc5 39. Rd6+ Kg7
40. h4 gxh4+ 41. Kxh4 Rg5 42. g4 Rg6 43. Rxg6+ Bxg6 44. f4 Bd3 45. f5 1-0

[Event "MP Reykjavik Open 2011"]
[Site "Reykjavik ISL"]
[Date "2011.03.10"]
[Round "2.26"]
[White "Karason, Askell O"]
[Black "Kveinys, Aloyzas"]
[Result "1/2-1/2"]
[WhiteElo "2258"]
[BlackElo "2506"]
[PlyCount "83"]
[EventDate "2011.03.09"]
[EventType "swiss"]
[EventRounds "9"]
[EventCountry "ISL"]
[Source "lmi"]
[SourceDate "2011.03.09"]

1. d4 Nf6 2. c4 e6 3. Nc3 Bb4 4. Nf3 c5 5. g3 cxd4 6. Nxd4 Ne4 7. Qd3 Bxc3+ 8.
bxc3 Nc5 9. Qe3 b6 10. Bg2 Bb7 11. Bxb7 Nxb7 12. Ba3 Na6 13. Nf5 Qf6 14. Nd6+
Nxd6 15. Bxd6 Rc8 16. Rd1 Nc5 17. O-O Nb7 18. Be5 Qg6 19. Qf3 Nc5 20. Bd6 Ne4
21. Qd3 Rc6 22. Ba3 Nc5 23. Qd2 O-O 24. Bxc5 Rxc5 25. Qxd7 Ra5 26. Rd2 Qf6 27.
Qd4 Qe7 28. Rb1 h6 29. Rb5 Ra4 30. Qd7 Qxd7 31. Rxd7 Rc8 32. c5 Rxc5 33. Rxc5
bxc5 34. Rc7 Rxa2 35. Rc8+ Kh7 36. Rxc5 Kg6 37. e3 a5 38. c4 a4 39. Ra5 a3 40.
c5 Kf6 41. c6 Rc2 42. Rxa3 1/2-1/2

[Event "MP Reykjavik Open 2011"]
[Site "Reykjavik ISL"]
[Date "2011.03.10"]
[Round "2.27"]
[White "D'amore, Carlo"]
[Black "Reipsch, Jens"]
[Result "1-0"]
[WhiteElo "2505"]
[BlackElo "2247"]
[PlyCount "78"]
[EventDate "2011.03.09"]
[EventType "swiss"]
[EventRounds "9"]
[EventCountry "ISL"]
[Source "lmi"]
[SourceDate "2011.03.09"]

1. Nf3 Nf6 2. c4 c6 3. g3 g6 4. b3 Bg7 5. Bb2 O-O 6. Bg2 d6 7. d4 Qc7 8. O-O
Nbd7 9. Nc3 Re8 10. Qc2 Rb8 11. d5 cxd5 12. Nb5 Qb6 13. Bd4 Nc5 14. b4 dxc4 15.
Qxc4 Be6 16. bxc5 Bxc4 17. cxb6 Bxb5 18. bxa7 Ra8 19. Rab1 Bc6 20. Nd2 Nd7 21.
Bxg7 Kxg7 22. Bxc6 bxc6 23. Rb7 Nc5 24. Rfb1 Nxb7 25. Rxb7 d5 26. Nb3 e5 27.
Nc5 d4 28. Na4 e4 29. Nb6 Rad8 30. Kf1 d3 31. Ke1 e3 32. exd3 e2 33. Nd7 Ra8
34. a4 Re7 35. a5 h5 36. h4 Kh6 37. f4 Kg7 38. a6 Kh6 39. Nf6 Re3 1-0

[Event "MP Reykjavik Open 2011"]
[Site "Reykjavik ISL"]
[Date "2011.03.10"]
[Round "2.28"]
[White "Thorgeirsson, Sverrir"]
[Black "Grover, Sahaj"]
[Result "0-1"]
[WhiteElo "2233"]
[BlackElo "2495"]
[PlyCount "94"]
[EventDate "2011.03.09"]
[EventType "swiss"]
[EventRounds "9"]
[EventCountry "ISL"]
[Source "lmi"]
[SourceDate "2011.03.09"]

1. d4 d5 2. c4 e6 3. Nf3 Nf6 4. g3 dxc4 5. Bg2 Nc6 6. O-O Rb8 7. a4 a6 8. e3 b5
9. axb5 axb5 10. b3 cxb3 11. Qxb3 Bd6 12. Bb2 O-O 13. Rc1 Bb7 14. Nc3 b4 15.
Na4 Na5 16. Qd1 Bd5 17. Nd2 Bxg2 18. Kxg2 Rb5 19. Qe2 Qb8 20. e4 Nd7 21. f4 Rc8
22. d5 Bf8 23. Qg4 f5 24. Qh3 Re8 25. Re1 Nb6 26. Nxb6 Qxb6 27. Qh5 Re7 28.
dxe6 Qxe6 29. Nf3 Qb3 30. Be5 fxe4 31. Ng5 h6 32. Nxe4 Nc6 33. Qe2 Rb8 34. Nd2
Qd5+ 35. Nf3 Nxe5 36. fxe5 c5 37. Red1 Qe6 38. Ra6 Rb6 39. Rxb6 Qxb6 40. Qc4+
Kh8 41. Rd6 Qb7 42. Rd5 Re8 43. Kh3 b3 44. Nd2 b2 45. Nb1 Qf7 46. Qd3 c4 47.
Qd1 Qf5+ 0-1

[Event "MP Reykjavik Open 2011"]
[Site "Reykjavik ISL"]
[Date "2011.03.10"]
[Round "2.29"]
[White "Henrichs, Thomas"]
[Black "Einarsson, Halldor Gretar"]
[Result "1-0"]
[WhiteElo "2480"]
[BlackElo "2220"]
[PlyCount "61"]
[EventDate "2011.03.09"]
[EventType "swiss"]
[EventRounds "9"]
[EventCountry "ISL"]
[Source "lmi"]
[SourceDate "2011.03.09"]

1. d4 f5 2. g3 Nf6 3. Bg2 g6 4. Nf3 Bg7 5. O-O O-O 6. c4 d6 7. Nc3 Nc6 8. d5
Ne5 9. Nxe5 dxe5 10. Qb3 Kh8 11. Rd1 a6 12. c5 Qe8 13. Bd2 h6 14. Rac1 g5 15.
Be1 Qh5 16. d6 exd6 17. cxd6 c6 18. Na4 Qf7 19. Nc5 e4 20. Bc3 Nd5 21. Bxg7+
Kxg7 22. d7 Bxd7 23. Qxb7 Rad8 24. Nxd7 Rxd7 25. Qxc6 f4 26. Bxe4 fxg3 27. fxg3
Rfd8 28. Bxd5 Rxd5 29. Rxd5 Rxd5 30. Rf1 Rf5 31. Qc3+ 1-0

[Event "MP Reykjavik Open 2011"]
[Site "Reykjavik ISL"]
[Date "2011.03.10"]
[Round "2.30"]
[White "Spaan, Nathanael"]
[Black "Sammalvuo, Tapani"]
[Result "0-1"]
[WhiteElo "2228"]
[BlackElo "2471"]
[PlyCount "94"]
[EventDate "2011.03.09"]
[EventType "swiss"]
[EventRounds "9"]
[EventCountry "ISL"]
[Source "lmi"]
[SourceDate "2011.03.09"]

1. e4 e6 2. d4 d5 3. Nc3 Bb4 4. e5 c5 5. a3 Bxc3+ 6. bxc3 Qc7 7. Qg4 f5 8. Qh5+
g6 9. Qd1 Bd7 10. Nf3 Ba4 11. Bd3 cxd4 12. O-O dxc3 13. Nd4 Qd7 14. Rb1 Nc6 15.
Bb5 Bxb5 16. Nxb5 Kf8 17. a4 h6 18. Ba3+ Nge7 19. f4 Kg7 20. Rf3 d4 21. Rxc3
Nd5 22. Nxd4 Rhd8 23. Rd3 Na5 24. Rb5 Nc4 25. Bc1 Kf7 26. Nxe6 Kxe6 27. Rbxd5
Qxd5 28. Rxd5 Rxd5 29. Qe2 Rd4 30. g4 Rad8 31. gxf5+ gxf5 32. Qh5 Rd1+ 33. Kf2
Rxc1 34. Qg6+ Kd5 35. Qf7+ Kd4 36. e6 Rxc2+ 37. Kg3 Kc3 38. Qf6+ Rd4 39. e7 Re2
40. h3 Nd6 41. Kh4 Kc4 42. Kh5 Kd5 43. Qf8 Rde4 44. Qg8+ Kc6 45. Qb3 Rxe7 46.
Qc3+ Kd7 47. a5 R2e3 0-1

[Event "MP Reykjavik Open 2011"]
[Site "Reykjavik ISL"]
[Date "2011.03.10"]
[Round "2.31"]
[White "Berbatov, Kiprian"]
[Black "Omarsson, Dadi"]
[Result "1-0"]
[WhiteElo "2454"]
[BlackElo "2214"]
[PlyCount "53"]
[EventDate "2011.03.09"]
[EventType "swiss"]
[EventRounds "9"]
[EventCountry "ISL"]
[Source "lmi"]
[SourceDate "2011.03.09"]

1. e4 c5 2. Nf3 d6 3. d4 cxd4 4. Nxd4 Nf6 5. Nc3 g6 6. Be3 Bg7 7. f3 Nc6 8. Qd2
O-O 9. Bc4 Bd7 10. O-O-O Ne5 11. Bb3 Rc8 12. Kb1 Re8 13. h4 h5 14. g4 hxg4 15.
h5 Nxh5 16. Bh6 e6 17. Rdg1 g3 18. Rxh5 gxh5 19. Rxg3 Ng6 20. Nf5 Bh8 21. Qh2
Rc5 22. Qxh5 Qf6 23. Be3 Rec8 24. Bd4 Re5 25. f4 Rxf5 26. exf5 Qxd4 27. fxg6
1-0

[Event "MP Reykjavik Open 2011"]
[Site "Reykjavik ISL"]
[Date "2011.03.10"]
[Round "2.32"]
[White "Thorsteinsson, Thorsteinn"]
[Black "Gretarsson, Hjorvar Steinn"]
[Result "1/2-1/2"]
[WhiteElo "2220"]
[BlackElo "2444"]
[PlyCount "100"]
[EventDate "2011.03.09"]
[EventType "swiss"]
[EventRounds "9"]
[EventCountry "ISL"]
[Source "lmi"]
[SourceDate "2011.03.09"]

1. e4 c5 2. Nf3 e6 3. d3 d5 4. Nbd2 g6 5. g3 Bg7 6. Bg2 Ne7 7. O-O Nbc6 8. Re1
b6 9. exd5 exd5 10. d4 O-O 11. dxc5 bxc5 12. Nb3 Qb6 13. c3 Nf5 14. Qxd5 Be6
15. Rxe6 fxe6 16. Qxe6+ Kh8 17. Ng5 c4 18. Qxc6 Rae8 19. Bf4 cxb3 20. Qxb6 axb6
21. axb3 h6 22. Nf3 g5 23. Bc7 b5 24. Nd2 b4 25. Ba5 Re2 26. Nc4 bxc3 27. bxc3
Ne7 28. Rf1 Ng6 29. Bb4 Rf6 30. Bc5 Rf5 31. Bd4 Rb5 32. Rb1 Re7 33. Ne3 Bxd4
34. cxd4 Ra7 35. Be4 Ne7 36. d5 Nc8 37. Nf5 Rba5 38. Nxh6 Nd6 39. Bf3 Ra1 40.
Rxa1 Rxa1+ 41. Kg2 Rb1 42. Ng4 Rxb3 43. Ne3 Kg7 44. Bd1 Rd3 45. Bc2 Rd4 46. h3
Kf6 47. Ng4+ Ke7 48. Ne3 Kf6 49. Ng4+ Ke7 50. Ne3 Kf6 1/2-1/2

[Event "MP Reykjavik Open 2011"]
[Site "Reykjavik ISL"]
[Date "2011.03.10"]
[Round "2.33"]
[White "Ziska, Helgi Dam"]
[Black "Thorhallsson, Gylfi"]
[Result "1-0"]
[WhiteElo "2432"]
[BlackElo "2200"]
[PlyCount "37"]
[EventDate "2011.03.09"]
[EventType "swiss"]
[EventRounds "9"]
[EventCountry "ISL"]
[Source "lmi"]
[SourceDate "2011.03.09"]

1. e4 e5 2. Nf3 Nc6 3. Bb5 a6 4. Ba4 Nf6 5. O-O b5 6. Bb3 Be7 7. d3 d6 8. a4
Bg4 9. c3 O-O 10. h3 Bh5 11. Bg5 Na5 12. Ba2 Qd7 13. b4 Nb7 14. Bxf6 Bxf6 15.
Nxe5 dxe5 16. Qxh5 Qxd3 17. Bd5 Rab8 18. Rd1 g6 19. Qg4 1-0

[Event "MP Reykjavik Open 2011"]
[Site "Reykjavik ISL"]
[Date "2011.03.10"]
[Round "2.34"]
[White "Vovk, Oksana"]
[Black "Gunnarsson, Jon Viktor"]
[Result "0-1"]
[WhiteElo "2204"]
[BlackElo "2428"]
[PlyCount "80"]
[EventDate "2011.03.09"]
[EventType "swiss"]
[EventRounds "9"]
[EventCountry "ISL"]
[Source "lmi"]
[SourceDate "2011.03.09"]

1. d4 Nf6 2. Nf3 g6 3. g3 Bg7 4. Bg2 O-O 5. O-O d6 6. c4 Nbd7 7. Nc3 c6 8. e4
Qc7 9. h3 a6 10. a4 e5 11. Be3 exd4 12. Nxd4 Re8 13. Qc2 a5 14. Rad1 Nc5 15.
Rfe1 Bd7 16. f4 Rad8 17. Nb3 Nxb3 18. Qxb3 c5 19. Bf2 Bc6 20. Nb5 Bxb5 21. Qxb5
h5 22. e5 dxe5 23. fxe5 Rxd1 24. Rxd1 Rxe5 25. Bxb7 Rg5 26. Bg2 Rf5 27. Qb7 Qe5
28. Re1 Qd6 29. Qa8+ Kh7 30. Qxa5 Nd7 31. Be4 Bd4 32. Bxf5 Qxg3+ 33. Kh1 Qf3+
34. Kh2 Qxf2+ 35. Kh1 Qf3+ 36. Kh2 Qf4+ 37. Kg2 Qf2+ 38. Kh1 gxf5 39. Rb1 Qf3+
40. Kh2 Qf4+ 0-1

[Event "MP Reykjavik Open 2011"]
[Site "Reykjavik ISL"]
[Date "2011.03.10"]
[Round "2.35"]
[White "Thorfinnsson, Bjorn"]
[Black "Byron, Alan M"]
[Result "1/2-1/2"]
[WhiteElo "2419"]
[BlackElo "2183"]
[PlyCount "67"]
[EventDate "2011.03.09"]
[EventType "swiss"]
[EventRounds "9"]
[EventCountry "ISL"]
[Source "lmi"]
[SourceDate "2011.03.09"]

1. c4 e5 2. g3 Nf6 3. Bg2 d5 4. cxd5 Nxd5 5. Nc3 Nb6 6. Nf3 Nc6 7. d3 Be7 8. a3
Be6 9. b4 a5 10. b5 Nd4 11. Rb1 a4 12. O-O Bb3 13. Qd2 f6 14. e3 Nxf3+ 15. Bxf3
Ra7 16. Bh5+ g6 17. Bd1 Be6 18. f4 exf4 19. Rxf4 Bd6 20. Re4 Kf7 21. Nxa4 Nxa4
22. Rxa4 Rxa4 23. Bxa4 h5 24. Bb2 h4 25. Rf1 hxg3 26. Bxf6 gxh2+ 27. Kh1 Qxf6
28. Rxf6+ Kxf6 29. Bb3 Rh5 30. Qc3+ Kf7 31. Bxe6+ Kxe6 32. Qg7 Rg5 33. Qg8+ Ke7
34. Qg7+ 1/2-1/2

[Event "MP Reykjavik Open 2011"]
[Site "Reykjavik ISL"]
[Date "2011.03.10"]
[Round "2.36"]
[White "Halldorsson, Jon Arni"]
[Black "Thorfinnsson, Bragi"]
[Result "0-1"]
[WhiteElo "2195"]
[BlackElo "2417"]
[PlyCount "72"]
[EventDate "2011.03.09"]
[EventType "swiss"]
[EventRounds "9"]
[EventCountry "ISL"]
[Source "lmi"]
[SourceDate "2011.03.09"]

1. d4 Nf6 2. Nf3 e6 3. c4 b6 4. g3 Bb7 5. Bg2 Bb4+ 6. Bd2 a5 7. O-O O-O 8. Nc3
d6 9. Rc1 Nbd7 10. Bg5 Bxc3 11. Rxc3 Qe8 12. Nd2 Bxg2 13. Kxg2 e5 14. d5 b5 15.
e4 b4 16. Rc1 Qe7 17. Qf3 a4 18. Rfd1 h6 19. Bxf6 Nxf6 20. Nf1 Nd7 21. Ne3 g6
22. h4 Nc5 23. Rd2 Kg7 24. Qg4 Qd7 25. Qxd7 Nxd7 26. f3 f5 27. Re1 Nc5 28. exf5
gxf5 29. g4 fxg4 30. fxg4 Rf4 31. Rf1 Rxf1 32. Kxf1 Ne4 33. Rd3 Rf8+ 34. Nf5+
Kh7 35. Ke2 Rg8 36. Re3 Rxg4 0-1

[Event "MP Reykjavik Open 2011"]
[Site "Reykjavik ISL"]
[Date "2011.03.10"]
[Round "2.37"]
[White "Dearing, Eddie"]
[Black "Rehfeldt, Frank"]
[Result "1-0"]
[WhiteElo "2412"]
[BlackElo "2091"]
[PlyCount "117"]
[EventDate "2011.03.09"]
[EventType "swiss"]
[EventRounds "9"]
[EventCountry "ISL"]
[Source "lmi"]
[SourceDate "2011.03.09"]

1. d4 d5 2. Nf3 Nf6 3. c4 c6 4. Nc3 a6 5. e3 b5 6. c5 Bg4 7. h3 Bh5 8. g4 Bg6
9. Ne5 Nfd7 10. Nxg6 hxg6 11. Bg2 Nf6 12. Bd2 Nbd7 13. f4 e6 14. a3 Qc7 15. Qf3
Be7 16. O-O Kf8 17. b4 Kg8 18. a4 Qb7 19. Rfb1 Kh7 20. Bf1 Ne8 21. Ra2 Nc7 22.
Be1 f5 23. g5 Kg8 24. h4 Kf7 25. Rh2 Nf8 26. Qd1 Ke8 27. Ne2 bxa4 28. Ra1 Nb5
29. Rxa4 Kf7 30. Nc1 Bd8 31. Rha2 Nd7 32. Nd3 Bc7 33. Qa1 Nb8 34. Be2 Ra7 35.
Bd1 Ra8 36. Rh2 Nd7 37. Raa2 Nf8 38. Rh3 Ke7 39. Rah2 Qc8 40. Qa2 Qe8 41. Rg2
Nd7 42. Rgh2 Nf8 43. Rg2 Nd7 44. Kf1 Ra7 45. h5 gxh5 46. g6 Nf6 47. Bh4 Nc3 48.
Qa1 Nce4 49. Ne5 Rg8 50. Ba4 Kf8 51. Nxc6 Ra8 52. Qa3 Qc8 53. Ne5 Bxe5 54. fxe5
Ng4 55. b5 Rh8 56. c6+ Kg8 57. b6 Rb8 58. Qe7 Nh6 59. b7 1-0

[Event "MP Reykjavik Open 2011"]
[Site "Reykjavik ISL"]
[Date "2011.03.10"]
[Round "2.38"]
[White "Locci, Damiano"]
[Black "Zelbel, Patrick"]
[Result "0-1"]
[WhiteElo "2177"]
[BlackElo "2410"]
[PlyCount "48"]
[EventDate "2011.03.09"]
[EventType "swiss"]
[EventRounds "9"]
[EventCountry "ISL"]
[Source "lmi"]
[SourceDate "2011.03.09"]

1. c4 e5 2. e3 Nf6 3. d4 Bb4+ 4. Bd2 Bxd2+ 5. Nxd2 d6 6. Be2 O-O 7. Qc2 exd4 8.
exd4 Nc6 9. d5 Nd4 10. Qd3 c5 11. dxc6 Qb6 12. Nb3 Qb4+ 13. Kf1 Nxc6 14. Rd1
Qa4 15. g3 Qxa2 16. Kg2 Qxb2 17. Nf3 Nb4 18. Qxd6 Qxb3 19. Rb1 Qa2 20. Nd4 Nc2
21. Nxc2 Qxc2 22. Bd3 Qa4 23. Rb5 Bd7 24. Rg5 Qc6+ 0-1

[Event "MP Reykjavik Open 2011"]
[Site "Reykjavik ISL"]
[Date "2011.03.10"]
[Round "2.39"]
[White "Debashis, Das"]
[Black "Johannsson, Orn Leo"]
[Result "1-0"]
[WhiteElo "2398"]
[BlackElo "1859"]
[PlyCount "65"]
[EventDate "2011.03.09"]
[EventType "swiss"]
[EventRounds "9"]
[EventCountry "ISL"]
[Source "lmi"]
[SourceDate "2011.03.09"]

1. e4 e6 2. d4 d5 3. Nd2 Nf6 4. e5 Nfd7 5. Bd3 c5 6. c3 Nc6 7. Ngf3 Be7 8. O-O
O-O 9. Re1 c4 10. Bc2 b5 11. a3 a5 12. Nf1 Bb7 13. Ng3 b4 14. Nd2 b3 15. Bb1
Re8 16. Qh5 g6 17. Qg4 Nf8 18. Nf3 f5 19. exf6 Bxf6 20. Bf4 Bc8 21. Ne5 Nxe5
22. Bxe5 Bxe5 23. dxe5 Kh8 24. h4 Qe7 25. h5 Qg7 26. hxg6 hxg6 27. Nh5 Qh6 28.
Nf6 Re7 29. Re3 Nh7 30. Bxg6 Qg5 31. Qxg5 Nxg5 32. Rg3 Nf7 33. Bxf7 1-0

[Event "MP Reykjavik Open 2011"]
[Site "Reykjavik ISL"]
[Date "2011.03.10"]
[Round "2.40"]
[White "Mihajlov, Sebastian"]
[Black "Thomassen, Joachim"]
[Result "0-1"]
[WhiteElo "1871"]
[BlackElo "2396"]
[PlyCount "66"]
[EventDate "2011.03.09"]
[EventType "swiss"]
[EventRounds "9"]
[EventCountry "ISL"]
[Source "lmi"]
[SourceDate "2011.03.09"]

1. d4 Nf6 2. c4 g6 3. Nc3 Bg7 4. e4 d6 5. Nf3 O-O 6. Be2 Nbd7 7. O-O e5 8. dxe5
dxe5 9. Bg5 h6 10. Bxf6 Qxf6 11. Nd5 Qd8 12. Rc1 c6 13. Ne3 Nc5 14. Qc2 a5 15.
Rfd1 Qe7 16. Ne1 b6 17. Nd3 Ne6 18. Bf1 Nd4 19. Qc3 f5 20. exf5 e4 21. Qa3 Qxa3
22. bxa3 exd3 23. fxg6 Ne2+ 24. Bxe2 dxe2 25. Re1 Bb2 26. Rb1 Bxa3 27. Rxe2 Bc5
28. g3 Kg7 29. Rb3 Ra7 30. Nd1 Bf5 31. Ne3 Bxg6 32. Ng4 h5 33. Ne5 Re7 0-1

[Event "MP Reykjavik Open 2011"]
[Site "Reykjavik ISL"]
[Date "2011.03.10"]
[Round "2.41"]
[White "Degtiarev, Evgeny"]
[Black "Hreinsson, Kristjan"]
[Result "1-0"]
[WhiteElo "2368"]
[BlackElo "1792"]
[PlyCount "41"]
[EventDate "2011.03.09"]
[EventType "swiss"]
[EventRounds "9"]
[EventCountry "ISL"]
[Source "lmi"]
[SourceDate "2011.03.09"]

1. d4 Nf6 2. c4 g6 3. Nc3 Bg7 4. e4 d6 5. f3 Nc6 6. Nge2 a6 7. Be3 e5 8. d5 Ne7
9. Qd2 Bd7 10. Bh6 Bxh6 11. Qxh6 b5 12. Qg7 Rg8 13. Qxf6 bxc4 14. Ng3 Rb8 15.
Rb1 Qc8 16. Bxc4 Bb5 17. Nxb5 axb5 18. Bb3 Qa6 19. O-O h5 20. f4 Qb6+ 21. Kh1
1-0

[Event "MP Reykjavik Open 2011"]
[Site "Reykjavik ISL"]
[Date "2011.03.10"]
[Round "2.42"]
[White "Holm, Kristian Stuvik"]
[Black "Lee, Kai Jie Edward"]
[Result "1-0"]
[WhiteElo "2240"]
[BlackElo "1913"]
[PlyCount "51"]
[EventDate "2011.03.09"]
[EventType "swiss"]
[EventRounds "9"]
[EventCountry "ISL"]
[Source "lmi"]
[SourceDate "2011.03.09"]

1. d4 d5 2. c4 e6 3. Nc3 Nf6 4. cxd5 exd5 5. Bg5 Be7 6. e3 O-O 7. Bd3 c6 8. Qc2
h6 9. Bh4 Re8 10. Nf3 Ne4 11. Bxe7 Qxe7 12. O-O Nd7 13. Rae1 Qe6 14. b4 b5 15.
Nd2 Nxd2 16. Qxd2 Qd6 17. e4 a6 18. exd5 Rxe1 19. Rxe1 cxd5 20. Nxd5 Bb7 21.
Ne7+ Kf8 22. Nf5 Qf6 23. Re7 Rd8 24. Qf4 Qg5 25. Rxf7+ Kxf7 26. Nxh6+ 1-0

[Event "MP Reykjavik Open 2011"]
[Site "Reykjavik ISL"]
[Date "2011.03.10"]
[Round "2.43"]
[White "Mekhitarian, Krikor Sevag"]
[Black "Ragnarsson, Dagur"]
[Result "1-0"]
[WhiteElo "2529"]
[BlackElo "1625"]
[PlyCount "73"]
[EventDate "2011.03.09"]
[EventType "swiss"]
[EventRounds "9"]
[EventCountry "ISL"]
[Source "lmi"]
[SourceDate "2011.03.09"]

1. d4 d5 2. c4 e6 3. Nc3 Nf6 4. cxd5 exd5 5. Bg5 Be7 6. e3 O-O 7. Bd3 h6 8. Bf4
c6 9. h3 Be6 10. Nf3 Nbd7 11. Qc2 Rc8 12. O-O c5 13. Rad1 c4 14. Bf5 Bxf5 15.
Qxf5 Nb6 16. Ne5 Bb4 17. Ne2 Qe7 18. Qc2 Nbd7 19. Ng3 Qe6 20. Nf5 Ne4 21. g4 c3
22. f3 Nef6 23. Qb3 Qb6 24. Nxd7 Nxd7 25. Qxd5 Nf6 26. Qb3 c2 27. Rc1 Bd2 28.
Ne7+ Kh8 29. Qxb6 axb6 30. Nxc8 Rxc8 31. Kf2 Nd5 32. Ke2 Bxc1 33. Rxc1 Nb4 34.
Kd2 Nxa2 35. Rxc2 Rc6 36. Rxc6 bxc6 37. Bd6 1-0

[Event "MP Reykjavik Open 2011"]
[Site "Reykjavik ISL"]
[Date "2011.03.10"]
[Round "2.44"]
[White "Calder, Dennis"]
[Black "Sipila, Vilka"]
[Result "0-1"]
[WhiteElo "1949"]
[BlackElo "2347"]
[PlyCount "82"]
[EventDate "2011.03.09"]
[EventType "swiss"]
[EventRounds "9"]
[EventCountry "ISL"]
[Source "lmi"]
[SourceDate "2011.03.09"]

1. d4 Na6 2. e4 Nf6 3. Nc3 e6 4. a3 d5 5. e5 Nd7 6. f4 c5 7. Nf3 b6 8. Bd3 cxd4
9. Nb5 Nac5 10. Nfxd4 Bb7 11. O-O a6 12. Nc3 g6 13. Qe1 Bg7 14. Bd2 O-O 15. Be2
f6 16. Bg4 Re8 17. exf6 Nxf6 18. Bf3 Nfe4 19. Be3 Nd6 20. Rd1 Qc7 21. Qh4 b5
22. Rfe1 Nc4 23. Bc1 Qb6 24. Qf2 b4 25. axb4 Qxb4 26. b3 Qxc3 27. bxc4 Qxc4 28.
Kh1 Rac8 29. Be2 Ne4 30. Qe3 Qa4 31. Bf3 e5 32. fxe5 Bxe5 33. Bxe4 dxe4 34. Ne2
Rxc2 35. Nd4 Rc4 36. Bb2 Bg7 37. Ba1 Rd8 38. Rb1 Bxd4 39. Bxd4 Rcxd4 40. Rxb7
Rd1 41. Rb1 Rxb1 0-1

[Event "MP Reykjavik Open 2011"]
[Site "Reykjavik ISL"]
[Date "2011.03.10"]
[Round "2.46"]
[White "Sahl, Sheila Barth"]
[Black "Knudsen, Jes West"]
[Result "1-0"]
[WhiteElo "2173"]
[BlackElo "1945"]
[PlyCount "49"]
[EventDate "2011.03.09"]
[EventType "swiss"]
[EventRounds "9"]
[EventCountry "ISL"]
[Source "lmi"]
[SourceDate "2011.03.09"]

1. e4 c5 2. Nf3 a6 3. c3 e6 4. d4 d5 5. exd5 exd5 6. Bd3 Bg4 7. dxc5 Bxc5 8.
O-O Nd7 9. Re1+ Ne7 10. Bf4 Qb6 11. Qe2 Bxf3 12. gxf3 Qf6 13. Bg3 O-O 14. b4
Bxb4 15. cxb4 Qxa1 16. Qxe7 Qd4 17. Rd1 Qf6 18. Qxd7 Qxf3 19. Bc2 Rad8 20. Qf5
Qxf5 21. Bxf5 Rfe8 22. Bc7 Ra8 23. Nc3 g6 24. Bd7 Re7 25. Nxd5 1-0